000 00684nam a2200241Ia 4500
003 OSt
005 20220923223002.0
006 a|||||r|||| 00| 0
007 ta
008 220922b |||||||| |||| 00| 0 hin d
024 _a209,624
037 _cTextual
040 _aARTS
_cARTS
_bhin
041 _2hin
_ahin
082 _aO152,3NDA11x, N2
100 _aदर्पण, महेश
245 0 _aअपने साथ
246 _aApane sātha
260 _aदिल्ली
_b सचिन प्रका0
_c1992
300 _a112पृ.
_ccm.
942 _hO152,3NDA11x, N2
_cTEXL
_2CC
999 _c360173
_d360173